| 000 | 00463nam a2200193Ia 4500 | ||
|---|---|---|---|
| 008 | 170918s9999 xx 000 0 und d | ||
| 020 | _a9780590465984 | ||
| 050 | _bF613 1994 | ||
| 100 | _aFletcher, Jane Cowen- | ||
| 245 | _aIt takes a village / | ||
| 245 | _cby Jane Cowen-Flecher. | ||
| 260 | _aNew York : | ||
| 260 | _bScholastic, | ||
| 260 | _c1994 | ||
| 300 | _aunpaged : | ||
| 300 | _bcolored illustration ; | ||
| 300 | _c26cm. | ||
| 500 | _a390 | ||
| 999 |
_c342696 _d342696 |
||